[Event "Staatsliga A 1998/99"]
[Site "Graz"]
[Date "1999.01.15"]
[Round "6.4"]
[White "Videki, Sandor"]
[Black "Dueckstein, Andreas"]
[Result "1-0"]
[WhiteElo "2430"]
[BlackElo "2340"]
[PlyCount "103"]
[EventDate "1998.11.13"]

1. e4 e6 2. d4 d5 3. Nc3 Bb4 4. e5 c5 5. a3 Bxc3+ 6. bxc3 Ne7 7. Qg4 Nf5 8. Bd3
h5 9. Qh3 Nc6 10. Nf3 Bd7 11. g4 Nfe7 12. gxh5 Qa5 13. Bd2 c4 14. Be2 O-O-O 15.
Rg1 Rdg8 16. Nh4 Nd8 17. Rg3 g6 18. Bg5 Nf5 19. Bxd8 Qxd8 20. Nxf5 exf5 21. f4
gxh5 22. Rxg8 Qxg8 23. Kf2 Be6 24. Qh4 Qf8 25. a4 a6 26. Bf3 Kb8 27. Ke3 Ka7
28. Kd2 Rg8 29. Qf2 Qh6 30. Ke3 h4 31. a5 Rh8 32. Qg2 h3 33. Qh1 Rd8 34. Qb1
Bc8 35. Qb4 Qc6 36. Rg1 Be6 37. Rb1 Rc8 38. Qb6+ Kb8 39. Kf2 Rc7 40. Qxc6 Rxc6
41. Kg3 Rc8 42. Kxh3 Rh8+ 43. Kg3 Rg8+ 44. Kf2 Rh8 45. Kg2 Rg8+ 46. Kh1 b5 47.
Rg1 Rh8 48. Rg5 Kc7 49. Kg2 Kd7 50. Kg3 Ke7 51. h4 Kf8 52. h5 1-0

[Event "Staatsliga A 1998/99"]
[Site "Graz"]
[Date "1999.01.15"]
[Round "6.5"]
[White "Neulinger, Manfred"]
[Black "Neumeier, Klaus"]
[Result "1/2-1/2"]
[WhiteElo "2270"]
[BlackElo "2270"]
[PlyCount "102"]
[EventDate "1998.11.13"]

1. e4 c5 2. Nf3 d6 3. d4 cxd4 4. Nxd4 Nf6 5. Nc3 g6 6. Bg5 Bg7 7. Qd2 h6 8. Be3
Ng4 9. Bc4 Nxe3 10. fxe3 Nc6 11. O-O Ne5 12. Bb5+ Bd7 13. Bxd7+ Qxd7 14. Nd5
O-O 15. b3 Qd8 16. c4 e6 17. Nc3 a6 18. Rad1 Qc7 19. h3 Rac8 20. a4 Qe7 21.
Nce2 Rfd8 22. Nf3 Rc5 23. Nf4 Nxf3+ 24. Rxf3 Re5 25. Qd3 Qc7 26. Ne2 h5 27. Nd4
Qc5 28. Rg3 Rg5 29. Rxg5 Qxg5 30. Nf3 Qc5 31. Kf2 Bf6 32. g4 hxg4 33. hxg4 Kg7
34. Rh1 Rh8 35. Rxh8 Kxh8 36. Kg3 Kg8 37. Kf2 Kf8 38. g5 Bg7 39. Kg3 Ke7 40.
Kf2 Bh8 41. Ke2 Bg7 42. Kf2 Qa3 43. Qc2 Qb4 44. Ke2 Qc5 45. Qd3 Qa3 46. Qc2 Qb2
47. Qxb2 Bxb2 48. Ne1 f6 49. Nd3 Bc3 50. gxf6+ Bxf6 51. Kf3 a5 1/2-1/2

[Event "Staatsliga A 1998/99"]
[Site "Graz"]
[Date "1999.01.15"]
[Round "6.6"]
[White "Ganaus, Hannes"]
[Black "Posch, Werner"]
[Result "1-0"]
[WhiteElo "2225"]
[BlackElo "2295"]
[PlyCount "97"]
[EventDate "1998.11.13"]

1. d4 d5 2. c4 e6 3. Nf3 Be7 4. Qc2 Nf6 5. Bg5 h6 6. Bxf6 Bxf6 7. e3 O-O 8. Nc3
b6 9. O-O-O Bb7 10. cxd5 exd5 11. g4 g6 12. h4 Bg7 13. Ne5 c5 14. f4 Nc6 15. g5
Nxe5 16. dxe5 d4 17. Rg1 Qe7 18. Bc4 h5 19. exd4 cxd4 20. Rxd4 Rac8 21. Rgd1 a6
22. Bb3 Bf3 23. Qxg6 Bxd1 24. Rxd1 Rxc3+ 25. bxc3 Qa3+ 26. Kd2 Qc5 27. Ke2 Qb5+
28. Qd3 Qc6 29. Bd5 Qc8 30. Qf3 Qf5 31. Be4 Qe6 32. Qxh5 Rc8 33. Bd5 Qf5 34.
Qf3 Qc2+ 35. Rd2 Qc1 36. c4 b5 37. g6 bxc4 38. Bxf7+ Kf8 39. Qd5 Qa3 40. Bg8
Qe7 41. Be6 Re8 42. Bf7 Rc8 43. Qe6 Rc7 44. Qxe7+ Kxe7 45. Rc2 c3 46. Kd3 Bh6
47. f5 Bd2 48. f6+ Kf8 49. Be6 1-0

[Event "Staatsliga A 1998/99"]
[Site "Graz"]
[Date "1999.01.16"]
[Round "7.1"]
[White "Lutz, Christopher"]
[Black "Dizdar, Goran"]
[Result "1/2-1/2"]
[WhiteElo "2600"]
[BlackElo "2570"]
[PlyCount "69"]
[EventDate "1998.11.13"]

1. e4 e6 2. d4 d5 3. Nc3 Bb4 4. e5 b6 5. Bd2 Ne7 6. Qg4 Nf5 7. Bd3 h5 8. Qf4
Nc6 9. Nf3 Nce7 10. Qg5 Bxc3 11. Bxc3 a5 12. h3 Ba6 13. Bxa6 Rxa6 14. g3 c5 15.
O-O-O Nc6 16. Qf4 c4 17. a4 Qd7 18. g4 Nfe7 19. Kd2 Nb4 20. Ng5 Ng6 21. Qf3 Ra7
22. Ra1 hxg4 23. hxg4 Rxh1 24. Qxh1 Qe7 25. Nf3 Kd7 26. Qh7 Qf8 27. Rf1 Ra8 28.
Ne1 Qh8 29. Rh1 Nc6 30. Ng2 Qxh7 31. Rxh7 Rh8 32. Rxh8 Nxh8 33. b3 cxb3 34.
cxb3 f6 35. f4 1/2-1/2

[Event "Staatsliga A 1998/99"]
[Site "Graz"]
[Date "1999.01.16"]
[Round "7.2"]
[White "Schmittdiel, Eckhard"]
[Black "Vogt, Lothar"]
[Result "1/2-1/2"]
[WhiteElo "2470"]
[BlackElo "2485"]
[PlyCount "78"]
[EventDate "1998.11.13"]

1. e4 g6 2. d4 Bg7 3. Nc3 c6 4. Bc4 d5 5. exd5 b5 6. Bb3 b4 7. Nce2 cxd5 8. Bd2
a5 9. a3 bxa3 10. Rxa3 Nc6 11. Nf3 Nf6 12. Ba4 Bd7 13. Qa1 Qb6 14. Rb3 Qa7 15.
Bxc6 Bxc6 16. Ne5 Qa6 17. Bxa5 O-O 18. Ra3 Rfc8 19. Nc3 Nd7 20. Bb4 Qb6 21.
Nxc6 Qxc6 22. O-O e6 23. Rd1 Qb7 24. b3 Rxa3 25. Qxa3 Qc6 26. Ne2 Qb5 27. Nc3
Qc6 28. Na2 Qb5 29. c3 e5 30. dxe5 Qe2 31. Rf1 Bxe5 32. Qa7 Nf6 33. f4 Bb8 34.
Qd4 Qa6 35. c4 dxc4 36. bxc4 Qxa2 37. Qxf6 Ba7+ 38. c5 Qc4 39. Qe7 Bxc5+
1/2-1/2

[Event "Staatsliga A 1998/99"]
[Site "Graz"]
[Date "1999.01.16"]
[Round "7.3"]
[White "Lehner, Oliver"]
[Black "Duer, Arne"]
[Result "1/2-1/2"]
[WhiteElo "2415"]
[BlackElo "2375"]
[PlyCount "64"]
[EventDate "1998.11.13"]

1. d4 e6 2. c4 Nf6 3. g3 Bb4+ 4. Bd2 Qe7 5. Bg2 O-O 6. Nf3 b6 7. O-O Bxd2 8.
Nfxd2 c6 9. Nc3 d5 10. Qc2 Bb7 11. Rfe1 Nbd7 12. e4 dxe4 13. Ncxe4 Rfd8 14.
Rad1 Nxe4 15. Nxe4 Nf6 16. c5 Nxe4 17. Bxe4 g6 18. Qb3 Qc7 19. Qf3 Rd7 20. b4
Rad8 21. b5 Rxd4 22. Rxd4 Rxd4 23. bxc6 Ba6 24. Qc3 e5 25. Bg2 Bc4 26. cxb6
axb6 27. Qa3 Rd8 28. h3 Bd5 29. Bxd5 Rxd5 30. Qa8+ Rd8 31. Qa4 Rc8 32. Rc1 Kg7
1/2-1/2

[Event "Staatsliga A 1998/99"]
[Site "Graz"]
[Date "1999.01.16"]
[Round "7.5"]
[White "Neumeier, Klaus"]
[Black "Laube, Bernhard"]
[Result "1/2-1/2"]
[WhiteElo "2270"]
[BlackElo "2285"]
[PlyCount "112"]
[EventDate "1998.11.13"]

1. e4 c5 2. Nc3 Nc6 3. g3 g6 4. Bg2 Bg7 5. d3 d6 6. f4 Nd4 7. Nce2 e6 8. c3
Nxe2 9. Nxe2 Ne7 10. O-O O-O 11. Be3 Qc7 12. d4 c4 13. Qd2 f5 14. exf5 gxf5 15.
d5 Nxd5 16. Bxd5 exd5 17. Qxd5+ Qf7 18. Qxf7+ Kxf7 19. Rad1 Re8 20. Kf2 Bf8 21.
Nd4 Bd7 22. Rfe1 a6 23. Nf3 Bc6 24. Ng5+ Kg6 25. Bb6 Rxe1 26. Rxe1 Re8 27. Rxe8
Bxe8 28. Ke3 Bd7 29. Kd4 h6 30. Nf3 Be6 31. Nd2 Bg7+ 32. Ke3 Bf6 33. Bc7 Be7
34. Nf3 b5 35. Nd4 Bd5 36. a3 Kf6 37. Bb6 Bg2 38. Nc2 Be4 39. Nb4 Bb7 40. Bd4+
Kf7 41. Bb6 Ke6 42. a4 bxa4 43. Kd4 d5 44. Nc2 Bf6+ 45. Ke3 Be7 46. Bd4 Bc8 47.
Bb6 Bd7 48. Ba7 Kd6 49. Bd4 Kc6 50. Na3 Be8 51. Bg7 h5 52. h4 Bc5+ 53. Bd4 Bd6
54. Ba7 Kb7 55. Bd4 Bd7 56. Kd2 Be6 1/2-1/2

[Event "Staatsliga A 1998/99"]
[Site "Graz"]
[Date "1999.01.16"]
[Round "7.6"]
[White "Gerhold, Michael"]
[Black "Ganaus, Hannes"]
[Result "1/2-1/2"]
[WhiteElo "2265"]
[BlackElo "2225"]
[PlyCount "124"]
[EventDate "1998.11.13"]

1. e4 c5 2. Nf3 e6 3. c3 d5 4. exd5 exd5 5. d4 Nc6 6. Bb5 Bd6 7. dxc5 Qe7+ 8.
Qe2 Qxe2+ 9. Kxe2 Bxc5 10. Re1 Nge7 11. Kf1 a6 12. Bxc6+ bxc6 13. Nbd2 O-O 14.
Nb3 Bd6 15. Be3 Rb8 16. Ba7 Rb7 17. Bc5 Rd8 18. Nfd4 Kf8 19. Re2 a5 20. Bxd6
Rxd6 21. Nc5 Rc7 22. Rae1 g6 23. f3 h5 24. Kf2 Bf5 25. Nxf5 gxf5 26. Rd1 Ng6
27. Rd4 Rd8 28. Ra4 Ra8 29. Nb3 c5 30. Rxa5 Rxa5 31. Nxa5 Nf4 32. Rd2 c4 33.
Rd4 Nd3+ 34. Ke3 f4+ 35. Kd2 Nxb2 36. Rxd5 Ke7 37. Rxh5 Ke6 38. Rb5 Rd7+ 39.
Kc2 Nd1 40. Nxc4 Ne3+ 41. Kb3 Nxg2 42. a4 Nh4 43. Rb6+ Kf5 44. a5 Nxf3 45. a6
Ng5 46. Rb7 Rd8 47. a7 Ra8 48. Kb4 f3 49. Ka5 Ke4 50. Kb6 Kd3 51. Rb8 Rxa7 52.
Kxa7 Kxc4 53. Rb4+ Kxc3 54. Rf4 Kd3 55. h4 Ke3 56. Rf6 Ne6 57. h5 f2 58. h6 Nf4
59. h7 f1=Q 60. h8=Q Qa1+ 61. Kb7 Qb2+ 62. Ka8 Qa1+ 1/2-1/2

[Event "Staatsliga A 1998/99"]
[Site "Graz"]
[Date "1999.01.16"]
[Round "7.1"]
[White "Enders, Peter"]
[Black "Lukacs, Peter"]
[Result "1/2-1/2"]
[WhiteElo "2485"]
[BlackElo "2475"]
[PlyCount "62"]
[EventDate "1998.11.13"]

1. e4 e5 2. Nf3 Nc6 3. Bb5 a6 4. Ba4 Nf6 5. O-O Be7 6. Re1 b5 7. Bb3 d6 8. c3
O-O 9. h3 h6 10. d4 Re8 11. Nbd2 Bf8 12. Bc2 Bd7 13. b3 a5 14. d5 Ne7 15. a4
bxa4 16. bxa4 c6 17. c4 Nc8 18. Bb2 Qc7 19. Ra3 Nb6 20. Bd3 Reb8 21. Ba1 cxd5
22. cxd5 Be7 23. Nb1 Qc8 24. Nfd2 Ne8 25. Nc3 Nc7 26. Nc4 Nxc4 27. Bxc4 Rb4 28.
Bd3 Qe8 29. Qe2 Rab8 30. Nb5 Nxb5 31. axb5 Bxb5 1/2-1/2

[Event "Staatsliga A 1998/99"]
[Site "Graz"]
[Date "1999.01.16"]
[Round "7.2"]
[White "Volkmann, Friedrich"]
[Black "Moser, Guenter"]
[Result "0-1"]
[WhiteElo "2415"]
[BlackElo "2355"]
[PlyCount "74"]
[EventDate "1998.11.13"]

1. e4 c5 2. Nf3 d6 3. d4 cxd4 4. Nxd4 Nf6 5. Nc3 g6 6. Be3 Bg7 7. f3 a6 8. Qd2
Nc6 9. O-O-O Nxd4 10. Bxd4 Be6 11. Nd5 Bxd5 12. exd5 Qc7 13. Kb1 Rc8 14. c4 Kf8
15. h4 h5 16. Bd3 Bh6 17. Qe2 Bf4 18. g4 Be5 19. Be3 Nd7 20. f4 Bg7 21. f5 hxg4
22. fxg6 Ne5 23. h5 Bf6 24. Bf5 Nxc4 25. Bxc8 Qxc8 26. Bd4 Qf5+ 27. Qd3 fxg6
28. Qxf5 gxf5 29. Bxf6 exf6 30. Rc1 Nd2+ 31. Ka1 Kg7 32. Rc7+ Kh6 33. Rd1 Ne4
34. Rxb7 g3 35. b4 Rg8 36. b5 axb5 37. Rxb5 Nc3 0-1

[Event "Staatsliga A 1998/99"]
[Site "Graz"]
[Date "1999.01.16"]
[Round "7.3"]
[White "Grundherr, Martin"]
[Black "Schroll, Gerhard"]
[Result "1/2-1/2"]
[WhiteElo "2335"]
[BlackElo "2400"]
[PlyCount "72"]
[EventDate "1998.11.13"]

1. e4 Nf6 2. e5 Nd5 3. d4 d6 4. Nf3 Nc6 5. c4 Nb6 6. e6 fxe6 7. Nc3 e5 8. d5
Nd4 9. Nxd4 exd4 10. Qxd4 e5 11. dxe6 Bxe6 12. Be2 Qf6 13. Qxf6 gxf6 14. b3 c6
15. Bh5+ Bf7 16. Ne4 Be7 17. Bxf7+ Kxf7 18. Ba3 d5 19. Bxe7 Kxe7 20. cxd5 Nxd5
21. O-O-O f5 22. Nc5 b6 23. Rhe1+ Kd6 24. Ne6 Rhg8 25. Nf4 Rae8 26. Rxe8 Rxe8
27. Nxd5 cxd5 28. Kd2 f4 29. Re1 Rxe1 30. Kxe1 Ke5 31. f3 Kd4 32. Kd2 b5 33. a4
b4 34. g3 fxg3 35. hxg3 a5 36. f4 Ke4 1/2-1/2

[Event "Staatsliga A 1998/99"]
[Site "Graz"]
[Date "1999.01.16"]
[Round "7.4"]
[White "Dueckstein, Andreas"]
[Black "Koenig, Dietrich"]
[Result "0-1"]
[WhiteElo "2340"]
[BlackElo "2315"]
[PlyCount "80"]
[EventDate "1998.11.13"]

1. e4 d5 2. exd5 Qxd5 3. Nc3 Qa5 4. d4 c6 5. Nf3 Nf6 6. Bc4 Bf5 7. O-O e6 8.
Ne5 Bd6 9. Re1 Nbd7 10. Bf4 Qc7 11. Bg3 O-O 12. Bd3 Bxd3 13. Qxd3 Rad8 14. Rad1
Nb6 15. Qf3 Nbd5 16. Na4 Nd7 17. c4 Ne7 18. Nxd7 Qxd7 19. Bh4 Rc8 20. Nc5 Qc7
21. Bg3 Bxg3 22. Qxg3 Qxg3 23. hxg3 b6 24. Ne4 Rfd8 25. Rd2 h5 26. f3 Rd7 27.
Red1 Nf5 28. Kf2 Rcd8 29. Rh1 Rxd4 30. Rxd4 Rxd4 31. b3 g6 32. Rc1 c5 33. Ke2
Kf8 34. a3 a5 35. Rc3 Ke7 36. Rc1 Rd8 37. Rb1 Nd4+ 38. Kf2 Nc2 39. a4 Rd3 40.
Rb2 Nd4 0-1

[Event "Staatsliga A 1998/99"]
[Site "Graz"]
[Date "1999.01.16"]
[Round "7.5"]
[White "Neuschmied, Siegfried"]
[Black "Neulinger, Manfred"]
[Result "0-1"]
[WhiteElo "2200"]
[BlackElo "2270"]
[PlyCount "78"]
[EventDate "1998.11.13"]

1. e4 c6 2. d4 d5 3. Nc3 dxe4 4. Nxe4 Nf6 5. Nxf6+ gxf6 6. c3 Bf5 7. Ne2 Nd7 8.
Ng3 Bg6 9. h4 h5 10. Be2 Qa5 11. a4 O-O-O 12. b4 Qc7 13. a5 e5 14. a6 b6 15.
O-O e4 16. Qb3 f5 17. f4 Be7 18. Bc4 Bxh4 19. Ne2 b5 20. Bxf7 Bxf7 21. Qxf7
Rdf8 22. Qg6 Nb6 23. Qe6+ Qd7 24. Qxd7+ Kxd7 25. Be3 Nd5 26. Bf2 Be7 27. Rfc1
Bd6 28. g3 Rfg8 29. Kf1 h4 30. gxh4 Nxf4 31. d5 Nxd5 32. Bxa7 Rxh4 33. Bg1 e3
34. a7 Ra8 35. Nd4 Bxb4 36. Nxc6 Kxc6 37. cxb4+ Rc4 38. Ra6+ Kb7 39. Rca1 f4
0-1

[Event "Staatsliga A 1998/99"]
[Site "Graz"]
[Date "1999.01.16"]
[Round "7.2"]
[White "Popovic, Petar"]
[Black "Atlas, Valery"]
[Result "1/2-1/2"]
[WhiteElo "2510"]
[BlackElo "2470"]
[PlyCount "26"]
[EventDate "1998.11.13"]

1. e4 c5 2. Nf3 e6 3. d4 cxd4 4. Nxd4 a6 5. Bd3 Qb6 6. Nb3 Qc7 7. O-O d6 8. Qe2
Nd7 9. f4 Ngf6 10. Nc3 b5 11. a4 b4 12. Nd1 Be7 13. Nf2 e5 1/2-1/2

[Event "Staatsliga A 1998/99"]
[Site "Graz"]
[Date "1999.01.16"]
[Round "7.3"]
[White "Topakian, Raffi"]
[Black "Penz, Harald"]
[Result "1-0"]
[WhiteElo "2335"]
[BlackElo "2390"]
[PlyCount "55"]
[EventDate "1998.11.13"]

1. e4 e5 2. Nf3 Nf6 3. d4 Nxe4 4. dxe5 d5 5. Nbd2 Nxd2 6. Qxd2 Be7 7. Qf4 O-O
8. Qg3 f6 9. Bh6 Rf7 10. O-O-O Nc6 11. Bc4 Be6 12. exf6 Bxf6 13. Ng5 Bxg5+ 14.
Bxg5 Qd7 15. Rhe1 Na5 16. Bd3 b6 17. Bd2 Nb7 18. Re5 Nc5 19. Rde1 c6 20. Bxh7+
Kf8 21. Bg6 Rf6 22. Rh5 Ne4 23. Bxe4 dxe4 24. Bc3 Rd8 25. b3 Rf5 26. Rh7 Bg8
27. Rxg7 Qd6 28. Rxg8+ 1-0

[Event "Staatsliga A 1998/99"]
[Site "Graz"]
[Date "1999.01.16"]
[Round "7.4"]
[White "Bawart, Markus"]
[Black "Grabher, Heinz"]
[Result "1/2-1/2"]
[WhiteElo "2345"]
[BlackElo "2285"]
[PlyCount "29"]
[EventDate "1998.11.13"]

1. e4 c5 2. Nf3 e6 3. d4 cxd4 4. Nxd4 Nf6 5. Nc3 Nc6 6. Be3 Bb4 7. Bd3 d5 8.
Nxc6 bxc6 9. e5 d4 10. exf6 dxe3 11. fxg7 exf2+ 12. Kf1 Rg8 13. Qg4 Bxc3 14.
bxc3 Qf6 15. Qd4 1/2-1/2

[Event "Staatsliga A 1998/99"]
[Site "Graz"]
[Date "1999.01.16"]
[Round "7.5"]
[White "Feistenauer, Fred"]
[Black "Loeffler, Stefan"]
[Result "0-1"]
[WhiteElo "2300"]
[BlackElo "2385"]
[PlyCount "56"]
[EventDate "1998.11.13"]

1. e4 c5 2. Nc3 e6 3. f4 a6 4. Nf3 d5 5. g3 Nc6 6. d3 d4 7. Ne2 f5 8. Bg2 Nf6
9. Ng5 h6 10. Nh3 fxe4 11. dxe4 e5 12. Nf2 c4 13. h3 Bc5 14. O-O Be6 15. Kh2
Qd6 16. b3 b5 17. bxc4 bxc4 18. fxe5 Nxe5 19. Nf4 O-O 20. Nxe6 Qxe6 21. Bf4
Rad8 22. Bxe5 Qxe5 23. Ng4 Nxg4+ 24. Qxg4 d3 25. cxd3 Rxd3 26. Rxf8+ Bxf8 27.
Rd1 h5 28. Qe2 Qxg3+ 0-1

[Event "Staatsliga A 1998/99"]
[Site "Graz"]
[Date "1999.01.16"]
[Round "7.6"]
[White "Zoebisch, Herbert"]
[Black "Gaertner, Guntram"]
[Result "0-1"]
[WhiteElo "2235"]
[BlackElo "2340"]
[PlyCount "80"]
[EventDate "1998.11.13"]

1. d4 d5 2. c4 c6 3. Nf3 Nf6 4. Nc3 a6 5. e3 b5 6. b3 Bg4 7. Be2 e6 8. O-O Nbd7
9. Bb2 Bb4 10. h3 Bxf3 11. Bxf3 O-O 12. a3 Be7 13. cxd5 cxd5 14. Qe2 Rc8 15.
Rac1 Qa5 16. b4 Qd8 17. e4 Nb6 18. exd5 exd5 19. Rfe1 Bd6 20. Rcd1 Rc7 21. Qc2
Qc8 22. Qb3 Qf5 23. Re5 Bxe5 24. dxe5 Ne4 25. Nxd5 Nxd5 26. Qxd5 Nc3 27. Bxc3
Rxc3 28. Bg4 Qf4 29. g3 Qc4 30. Qd6 Qc6 31. Qxc6 Rxc6 32. Rd3 g6 33. f4 h5 34.
Bd7 Rd8 35. g4 Kf8 36. f5 Ke7 37. e6 fxe6 38. f6+ Kf8 39. gxh5 gxh5 40. Bxc6
Rxd3 0-1

[Event "Staatsliga A 1998/99"]
[Site "Graz"]
[Date "1999.01.16"]
[Round "7.2"]
[White "Weinzettl, Ernst"]
[Black "Chernin, Alexander"]
[Result "0-1"]
[WhiteElo "2400"]
[BlackElo "2610"]
[PlyCount "58"]
[EventDate "1998.11.13"]

1. e4 g6 2. d4 Bg7 3. Nc3 d6 4. Be3 a6 5. f4 Nd7 6. Nf3 b5 7. Bd3 b4 8. Ne2 Bb7
9. Ng3 c5 10. c3 Ngf6 11. e5 Nd5 12. Bd2 O-O 13. h4 Rc8 14. Ne4 bxc3 15. bxc3
cxd4 16. cxd4 dxe5 17. fxe5 N5b6 18. Ba5 Qe8 19. h5 Nc4 20. hxg6 hxg6 21. Nfg5
Ndxe5 22. dxe5 Bxe4 23. Bxe4 Qb5 24. O-O Qc5+ 25. Kh1 Qxe5 26. Qg4 Rc5 27. Nxf7
Qh5+ 28. Qxh5 Rxh5+ 29. Kg1 Bd4+ 0-1

[Event "Staatsliga A 1998/99"]
[Site "Graz"]
[Date "1999.01.16"]
[Round "7.3"]
[White "Kindermann, Stefan"]
[Black "Herzog, Adolf"]
[Result "1-0"]
[WhiteElo "2540"]
[BlackElo "2400"]
[PlyCount "73"]
[EventDate "1998.11.13"]

1. e4 e6 2. d4 d5 3. Nc3 Bb4 4. e5 c5 5. a3 Bxc3+ 6. bxc3 Ne7 7. Qg4 Qc7 8.
Qxg7 Rg8 9. Qxh7 cxd4 10. Ne2 Nbc6 11. f4 dxc3 12. Qd3 Bd7 13. Qxc3 O-O-O 14.
Rb1 Kb8 15. g3 Nf5 16. Bg2 Rc8 17. Bd2 Qd8 18. Qb3 Rc7 19. O-O Qf8 20. Kh1 Qh6
21. Qd3 Bc8 22. Bc3 b6 23. a4 Rh8 24. h4 Bb7 25. a5 bxa5 26. Rb2 Nxh4 27. gxh4
Qxh4+ 28. Kg1 d4 29. Rxb7+ Rxb7 30. Bxd4 Qh2+ 31. Kf2 Qh4+ 32. Qg3 Nxd4 33.
Nxd4 Rb4 34. Qxh4 Rxh4 35. Ke3 Kc7 36. Ra1 Rg4 37. Bf3 {... 70} 1-0

[Event "Staatsliga A 1998/99"]
[Site "Graz"]
[Date "1999.01.16"]
[Round "7.4"]
[White "Staudner, Oliver"]
[Black "Teske, Henrik"]
[Result "1/2-1/2"]
[WhiteElo "2350"]
[BlackElo "2510"]
[PlyCount "30"]
[EventDate "1998.11.13"]

1. e4 c5 2. Nf3 Nc6 3. Bb5 e5 4. Bxc6 dxc6 5. Nc3 Bd6 6. d3 Ne7 7. Nd2 f6 8.
Nc4 Bc7 9. Be3 b6 10. Ne2 Ng6 11. Qc1 Nh4 12. O-O g5 13. a3 Be6 14. f3 Qe7 15.
Qe1 O-O 1/2-1/2

[Event "Staatsliga A 1998/99"]
[Site "Graz"]
[Date "1999.01.16"]
[Round "7.5"]
[White "Stanec, Nikolaus"]
[Black "Schneider_Zinner, Harald"]
[Result "1-0"]
[WhiteElo "2495"]
[BlackElo "2300"]
[PlyCount "67"]
[EventDate "1998.11.13"]

1. c4 e5 2. Nc3 Nf6 3. g3 Bb4 4. Nf3 Nc6 5. Bg2 O-O 6. O-O Re8 7. d3 Bxc3 8.
bxc3 d6 9. e4 Bd7 10. Nh4 Ne7 11. f4 Ng6 12. fxe5 dxe5 13. Nf5 Nf8 14. Rb1 Bxf5
15. exf5 e4 16. d4 N8d7 17. Qe2 c5 18. Be3 Qc8 19. g4 Nb6 20. g5 Nfd7 21. Rbc1
Qc6 22. Rf4 Qa4 23. Bf1 Rac8 24. Rh4 Nf8 25. dxc5 Nbd7 26. Bd4 Nxc5 27. Qh5 Qa6
28. Bh3 Nd3 29. f6 Nxc1 30. Bf5 h6 31. gxh6 Ne2+ 32. Kh1 gxf6 33. Rg4+ Ng6 34.
Rxg6+ 1-0

[Event "Staatsliga A 1998/99"]
[Site "Graz"]
[Date "1999.01.16"]
[Round "7.6"]
[White "Plank, Franz"]
[Black "Watzka, Horst"]
[Result "0-1"]
[WhiteElo "2270"]
[BlackElo "2365"]
[PlyCount "86"]
[EventDate "1998.11.13"]

1. d4 Nf6 2. Nf3 g6 3. Nbd2 d5 4. e3 Bg7 5. Bd3 O-O 6. O-O b6 7. e4 dxe4 8.
Nxe4 Bb7 9. Qe2 Nbd7 10. Bd2 Qc8 11. c4 Re8 12. Bc3 Nh5 13. Qd2 Ndf6 14. Rfe1
c6 15. Rad1 Qc7 16. Ne5 Nxe4 17. Bxe4 Rad8 18. Qe3 e6 19. f4 c5 20. Bxb7 Qxb7
21. dxc5 bxc5 22. g3 Qc7 23. Qf3 h6 24. Ng4 Rxd1 25. Rxd1 Rd8 26. Bxg7 Kxg7 27.
Qc3+ Kh7 28. Rxd8 Qxd8 29. Nf2 Nf6 30. Kf1 h5 31. Ke2 Qe7 32. Nd3 h4 33. Qe5 h3
34. Qg5 Kg7 35. Qh4 Qb7 36. Qxh3 Qe4+ 37. Kd2 Qxc4 38. Qf1 Qxa2 39. Qc1 Qa5+
40. Ke2 Ne4 41. g4 Qb5 42. g5 c4 43. Ke3 Qb3 0-1

[Event "Staatsliga A 1998/99"]
[Site "Graz"]
[Date "1999.01.16"]
[Round "7.2"]
[White "Rabiega, Robert"]
[Black "Hoelzl, Franz"]
[Result "1-0"]
[WhiteElo "2525"]
[BlackElo "2410"]
[PlyCount "75"]
[EventDate "1998.11.13"]

1. e4 c5 2. Nf3 d6 3. Bc4 Nf6 4. d3 Nc6 5. c3 d5 6. exd5 Nxd5 7. O-O e6 8. d4
Nb6 9. Bb3 Be7 10. Qe2 cxd4 11. Rd1 O-O 12. cxd4 Nd5 13. Nc3 Re8 14. a3 Nxc3
15. bxc3 Bd7 16. Qe4 Bf6 17. Ne5 Qc7 18. Bc2 g6 19. Ng4 Qd8 20. Qf4 Bg7 21.
Nh6+ Bxh6 22. Qxh6 Qe7 23. Bg5 f6 24. Be3 Na5 25. d5 e5 26. Qh4 Rac8 27. Rac1
b6 28. Bd3 Qf7 29. Qb4 Bf5 30. Ba6 Rcd8 31. c4 Nb7 32. d6 Bc8 33. d7 Rxd7 34.
Rxd7 Qxd7 35. Bb5 Qf7 36. Bxe8 Qxe8 37. c5 Nxc5 38. Bxc5 1-0

[Event "Staatsliga A 1998/99"]
[Site "Graz"]
[Date "1999.01.16"]
[Round "7.3"]
[White "Steflitsch, Erich"]
[Black "Grosar, Aljosa"]
[Result "1-0"]
[WhiteElo "2325"]
[BlackElo "2450"]
[PlyCount "95"]
[EventDate "1998.11.13"]

1. e4 c5 2. Nf3 d6 3. d4 cxd4 4. Nxd4 Nf6 5. Nc3 Nc6 6. Bg5 e6 7. Qd2 a6 8.
O-O-O Bd7 9. Be2 Qc7 10. Bxf6 gxf6 11. Bh5 Qa5 12. g4 Nxd4 13. Qxd4 Be7 14. Kb1
Rf8 15. h4 O-O-O 16. Qd2 Bc6 17. Rh3 Kb8 18. Rd3 f5 19. exf5 Bxh4 20. Rxd6 Qc7
21. Qh6 exf5 22. gxf5 f6 23. Rxd8+ Rxd8 24. Rxd8+ Qxd8 25. Qf4+ Ka8 26. Qxh4
Qe7 27. Qd4 Qg7 28. a3 Qg5 29. Qg4 Qd2 30. Qe2 Qg5 31. Bg4 Qf4 32. f3 Qg3 33.
Qe7 Qg1+ 34. Ka2 Qd4 35. Qb4 Qe5 36. f4 Qe8 37. Be2 h5 38. Qd6 Qh8 39. Nd5 h4
40. Bf3 Qg8 41. b3 Qg1 42. Nc7+ Ka7 43. Bxc6 bxc6 44. Qxc6 h3 45. Nd5 a5 46.
Nc7 Qg7 47. Qa8+ Kb6 48. Qa6+ 1-0

[Event "Staatsliga A 1998/99"]
[Site "Graz"]
[Date "1999.01.16"]
[Round "7.4"]
[White "Herndl, Harald"]
[Black "Titz, Heimo"]
[Result "1/2-1/2"]
[WhiteElo "2375"]
[BlackElo "2305"]
[PlyCount "109"]
[EventDate "1998.11.13"]

1. d4 Nf6 2. c4 e6 3. Nc3 Bb4 4. Qc2 O-O 5. a3 Bxc3+ 6. Qxc3 b6 7. Nf3 c5 8.
dxc5 bxc5 9. Bg5 Nc6 10. e3 Rb8 11. Bd3 d6 12. O-O h6 13. Bh4 Qe7 14. Nd2 g5
15. Bg3 Nh5 16. Ne4 e5 17. Be2 Nxg3 18. Nxg3 f5 19. Rad1 Be6 20. Rd2 Rb6 21.
Rfd1 Rfb8 22. Qd3 Qf6 23. Qxd6 Nd4 24. Qxc5 Nb3 25. Nh5 Nxc5 26. Nxf6+ Kf7 27.
b4 Kxf6 28. bxc5 Rc6 29. Rd6 Rxc5 30. h3 Rb2 31. Bf1 Ra5 32. Rc6 Rb6 33. Rc7
Rxa3 34. c5 Rb8 35. Rd6 Ra1 36. Rcc6 Re8 37. Ra6 Rc1 38. c6 Re7 39. Ra5 Rc7 40.
f4 exf4 41. exf4 Ke7 42. Rd4 R1xc6 43. fxg5 hxg5 44. Rda4 Kf6 45. Rxa7 Rxa7 46.
Rxa7 Rc1 47. Ra4 Ke5 48. Kf2 Bd5 49. Be2 Rc2 50. g3 f4 51. gxf4+ gxf4 52. Ke1
f3 53. Bd3 Rh2 54. Bf1 Be4 55. Rb4 1/2-1/2

[Event "Staatsliga A 1998/99"]
[Site "Graz"]
[Date "1999.01.16"]
[Round "7.5"]
[White "Schumi, Manfred"]
[Black "Roth, Peter"]
[Result "0-1"]
[WhiteElo "2260"]
[BlackElo "2275"]
[PlyCount "68"]
[EventDate "1998.11.13"]

1. e4 c5 2. Nf3 e6 3. Nc3 a6 4. d4 cxd4 5. Nxd4 b5 6. Bd3 Qb6 7. Nb3 Bb7 8. O-O
Nc6 9. Be3 Qc7 10. f4 d6 11. a4 b4 12. Ne2 Nf6 13. a5 Be7 14. Qe1 Rc8 15. Ng3
h5 16. Qe2 h4 17. Nh1 Qb8 18. Bxa6 Bxa6 19. Qxa6 Nxe4 20. Nf2 Nf6 21. Nd4 Nxd4
22. Bxd4 Nd5 23. Ne4 h3 24. Rf2 hxg2 25. Qd3 Rh4 26. Qg3 f5 27. Qg6+ Kd7 28.
Ng5 Bxg5 29. fxg5 Ne7 30. Qxg7 Rg8 31. Qf6 Rg6 32. Qf7 Rxd4 33. Re1 Qa7 34.
Kxg2 Rxg5+ 0-1

[Event "Staatsliga A 1998/99"]
[Site "Graz"]
[Date "1999.01.16"]
[Round "7.6"]
[White "Fahrner, Kurt"]
[Black "Petschar, Kurt"]
[Result "0-1"]
[WhiteElo "2325"]
[BlackElo "2260"]
[PlyCount "64"]
[EventDate "1998.11.13"]

1. d4 d5 2. c4 c6 3. Nf3 Nf6 4. Nc3 e6 5. Bg5 h6 6. Bh4 dxc4 7. Ne5 b5 8. g4
Bb7 9. Bg2 Qb6 10. O-O Nbd7 11. Bg3 Rd8 12. e4 Nxe5 13. Bxe5 Bd6 14. Bxd6 Rxd6
15. d5 e5 16. Kh1 cxd5 17. exd5 O-O 18. f4 exf4 19. Rxf4 b4 20. Ne4 Nxe4 21.
Bxe4 Qe3 22. Qf3 Qxf3+ 23. Bxf3 Bxd5 24. Bxd5 Rxd5 25. Rxc4 a5 26. a3 b3 27.
Rg1 Re8 28. h3 Re2 29. Rg2 Rdd2 30. Rxe2 Rxe2 31. Rc5 Rxb2 32. Rxa5 Rc2 0-1